000 00441nam a2200133Ia 4500
008 100328s9999 xx 000 0 und d
082 _b43668
100 _aकरंदीकर जनार्दन गंगाधर
245 _aआद्य शंकराचार्य
260 _bसरोज
630 _aआद्य शंकराचार्य
730 _aआद्य शंकराचार्य
942 _cBOOK
999 _c531995
_d531992